00584nam a2200193Ia 4500008004100000040001900041041001200060082002400072100001800096245003900114260003600153300002500189650001800214651001800232850001800250942000700268999001700275952009800292131103s9999 xx 000 0 und d aLoreto College aEnglish a920/KHAbLCBED/4405 aKhan, Badshah aMy life and strugglecBadshah Khan aDelhibHind Pocket Booksc[19?] a248p.b ill.c 18cm. aKhan, Badshah aAutobiography aLCBED/920/KHA cBK c30709d81188 00104070aMAINbMAINd2013-11-04l0o920/KHA LCBED/4405pB33557r2013-11-04w2013-11-04yBK